[Event "TCh-TUR Super League 2023"]
[Site "Ankara TUR"]
[Date "2023.07.14"]
[Round "5.1"]
[Board "6"]
[White "Tarlabasi, Emirhan"]
[Black "Isik, Alparslan"]
[Result "0-1"]
[WhiteTitle "FM"]
[BlackTitle "IM"]
[WhiteElo "2301"]
[BlackElo "2478"]
[WhiteTeam "TAS DUVAR"]
[BlackTeam "DARUSSAFAKA"]
[WhiteFideId "6350275"]
[BlackFideId "34506896"]
[EventDate "2023.07.10"]

1. d4 Nf6 2. c4 g6 3. Nf3 Bg7 4. e3 O-O 5. Be2 c5 6. d5 d6 7. Nc3 e6 8. O-O exd5
9. cxd5 Bg4 10. h3 Bxf3 11. Bxf3 Re8 12. e4 a6 13. a4 Nbd7 14. Bf4 Ne5 15. Be2
Rc8 16. Bg3 c4 17. Qc2 Nfd7 18. Rae1 Qa5 19. Nb1 Nc5 20. Bxe5 Bxe5 21. Nd2 Qxa4
22. Qxc4 Bf4 23. Qxa4 Nxa4 24. Nc4 b5 25. Ra1 Rxe4 26. Bf3 Rexc4 27. b3 Be5 28.
Rae1 Rb4 29. bxa4 bxa4 30. Re3 Rc3 31. Re2 a3 32. Ra2 Rb2 33. Rxb2 axb2 34. Be4
Rc1 35. g3 a5 36. Bb1 0-1

[Event "TCh-TUR Super League 2023"]
[Site "Ankara TUR"]
[Date "2023.07.14"]
[Round "5.2"]
[Board "1"]
[White "Mendonca, Leon Luke"]
[Black "Yakubboev, Nodirbek"]
[Result "1/2-1/2"]
[WhiteTitle "GM"]
[BlackTitle "GM"]
[WhiteElo "2627"]
[BlackElo "2640"]
[WhiteTeam "BURSA BUYUKSEHIR BELEDIYE SPOR KULUBU"]
[BlackTeam "KARAMAN FUTBOL KULUBU"]
[WhiteFideId "35028561"]
[BlackFideId "14203987"]
[EventDate "2023.07.10"]

1. d4 Nf6 2. c4 e6 3. g3 d5 4. Bg2 Bb4+ 5. Bd2 Be7 6. Nf3 O-O 7. O-O c6 8. Qc2
Nbd7 9. Bf4 Ne4 10. Nc3 g5 11. Be3 f5 12. Rab1 a5 13. a3 Bf6 14. b4 axb4 15.
axb4 Nd6 16. Nd2 dxc4 17. b5 Qc7 18. Nf3 g4 19. Nd2 Ra5 20. bxc6 bxc6 21. Na4
Ba6 22. Nc5 Qc8 23. Bf4 e5 24. Nxd7 Qxd7 25. Qc3 exf4 26. Qxa5 Bb5 27. gxf4 Bxd4
28. e3 Bf6 29. Rfc1 Rd8 30. Qb4 Qe6 31. Rc2 c3 32. Rxc3 Bxc3 33. Qxc3 Nc4 34.
Nxc4 Bxc4 35. Rc1 Bd5 36. Bxd5 cxd5 37. Qd4 Qe4 38. Qb6 Ra8 39. Qb7 d4 40. Qxe4
fxe4 41. exd4 Rf8 42. Kg2 Rxf4 43. Rc3 Kf7 44. Kg3 Rf5 45. Re3 h5 46. h3 Kf6 47.
hxg4 hxg4 48. Rxe4 Rf3+ 49. Kg2 Kf5 50. Re3 Rf4 51. Rd3 Ke6 52. Kg3 Rf8 53. Rd2
Rg8 54. d5+ Kd6 55. Rd4 Rf8 56. Rf4 Rh8 57. Rf5 Rg8 58. Kg2 Rg6 59. Kh2 Rg7 60.
Kg3 Rg8 61. Rf4 Kxd5 62. Rxg4 Rh8 63. Rg6 Ke5 64. Kg4 Rf8 65. f3 Rf4+ 66. Kg3
Ra4 67. Rg4 Ra1 68. Re4+ 1/2-1/2

[Event "TCh-TUR Super League 2023"]
[Site "Ankara TUR"]
[Date "2023.07.14"]
[Round "5.2"]
[Board "2"]
[White "Ipek, Egehan"]
[Black "Erdogmus, Yagiz Kaan"]
[Result "1/2-1/2"]
[WhiteTitle "FM"]
[BlackTitle "IM"]
[WhiteElo "2258"]
[BlackElo "2483"]
[WhiteTeam "KARAMAN FUTBOL KULUBU"]
[BlackTeam "BURSA BUYUKSEHIR BELEDIYE SPOR KULUBU"]
[WhiteFideId "44523793"]
[BlackFideId "44599790"]
[EventDate "2023.07.10"]

1. d4 Nf6 2. c4 e6 3. Nf3 b6 4. Bf4 Bb7 5. e3 Be7 6. Nbd2 Nh5 7. Bg3 d6 8. Bd3
Nd7 9. Qc2 g6 10. Be4 c6 11. Ng1 e5 12. Bf3 Nxg3 13. hxg3 O-O 14. Ne2 d5 15.
cxd5 cxd5 16. Nc3 e4 17. Be2 a6 18. Qb3 Nf6 19. a4 h5 20. Rc1 Bd6 21. Ndb1 Kg7
22. Na3 Rc8 23. Nc2 Bc7 24. Nb4 a5 25. Nc2 Qd7 26. Nb5 Bb8 27. Kd2 Qf5 28. Rhf1
Ng4 29. Nc3 Qe6 30. Na3 f5 31. Kc2 Nh2 32. Rh1 Ng4 33. Rhf1 Nh2 34. Rh1 Ng4 35.
Rhf1 Rf7 36. Kb1 Nf6 37. Rc2 Rfc7 38. Nab5 Rc6 39. Rfc1 Kf7 40. Ka2 Kg7 41. Kb1
Ng4 42. Nd1 Nf6 43. Ndc3 1/2-1/2

[Event "TCh-TUR Super League 2023"]
[Site "Ankara TUR"]
[Date "2023.07.14"]
[Round "5.2"]
[Board "3"]
[White "Haznedaroglu, Kivanc"]
[Black "Aydincelebi, Kagan"]
[Result "1-0"]
[WhiteTitle "GM"]
[BlackTitle "FM"]
[WhiteElo "2408"]
[BlackElo "2280"]
[WhiteTeam "BURSA BUYUKSEHIR BELEDIYE SPOR KULUBU"]
[BlackTeam "KARAMAN FUTBOL KULUBU"]
[WhiteFideId "6300634"]
[BlackFideId "6361102"]
[EventDate "2023.07.10"]

1. d4 d5 2. Nf3 Nf6 3. g3 c5 4. Bg2 Nc6 5. O-O e6 6. c4 dxc4 7. Ne5 Bd7 8. Na3
cxd4 9. Naxc4 Be7 10. b3 O-O 11. Bb2 Qc7 12. Bxd4 Nxd4 13. Qxd4 Bc5 14. Qb2 a5
15. Rac1 Rac8 16. Rfd1 b6 17. Nd6 Rb8 18. Ne4 Nxe4 19. Rxd7 Ba3 20. Rcxc7 Bxb2
21. Nc6 Nc5 22. Nxb8 Rxb8 23. Rxf7 Be5 24. Ra7 Rd8 25. Bf3 1-0

[Event "TCh-TUR Super League 2023"]
[Site "Ankara TUR"]
[Date "2023.07.14"]
[Round "5.2"]
[Board "4"]
[White "Makaraci, Tunahan"]
[Black "Eren, Ataberk"]
[Result "1-0"]
[BlackTitle "FM"]
[WhiteElo "2296"]
[BlackElo "2324"]
[WhiteTeam "KARAMAN FUTBOL KULUBU"]
[BlackTeam "BURSA BUYUKSEHIR BELEDIYE SPOR KULUBU"]
[WhiteFideId "6356559"]
[BlackFideId "6349765"]
[EventDate "2023.07.10"]

1. e4 c6 2. d4 d5 3. exd5 cxd5 4. c4 Nf6 5. Nc3 g6 6. cxd5 Bg7 7. Bc4 O-O 8.
Nge2 Nbd7 9. Nf4 Nb6 10. Bb3 Bf5 11. O-O a5 12. a3 Rc8 13. Re1 h6 14. h4 Nc4 15.
Qe2 Nd6 16. Be3 Qb6 17. Ba2 Ng4 18. Red1 h5 19. Rd2 Bd7 20. Qd3 Nf5 21. g3 Rfe8
22. Kg2 Nd6 23. Rad1 Qc7 24. Nh3 b5 25. Bf4 Qb6 26. f3 Nf6 27. Ng5 b4 28. axb4
axb4 29. Nce4 Bb5 30. Qe3 Nc4 31. Bxc4 Bxc4 32. d6 Nd5 33. Qf2 exd6 34. Bxd6 f6
35. Bc5 Qc6 36. Rc1 Ba6 37. Nh3 Bh6 38. Nf4 Nxf4+ 39. gxf4 Bxf4 40. d5 Qb5 41.
Nxf6+ Kf7 42. Nxe8 Rxe8 43. Kg1 Rc8 44. Rdc2 Bxc1 45. Rxc1 Qe2 46. Qxe2 Bxe2 47.
Kf2 Bd3 48. Ke3 Bf5 49. Kd4 b3 50. Ra1 Rc7 51. d6 Rd7 52. Kd5 Be6+ 53. Kc6 Bf5
54. Be3 Be6 55. Bg5 Bf5 56. Be7 Ke6 57. Ra8 Bd3 58. Rf8 Rxe7 59. dxe7 Kxe7 60.
Rf4 Ke6 61. Kc5 Ke5 62. Rd4 Bc2 63. Kc4 Kf5 64. Kc3 Ke5 65. Rb4 Kf5 66. Kd2 Ke5
67. Ke3 Kd5 68. Rd4+ Ke5 69. Ra4 Kf5 70. Ra5+ Kf6 71. Kf4 Ke6 72. Kg5 Kf7 73.
Ra7+ Ke6 74. Rg7 Ke5 75. Rxg6 Kd4 76. f4 1-0

[Event "TCh-TUR Super League 2023"]
[Site "Ankara TUR"]
[Date "2023.07.14"]
[Round "5.2"]
[Board "5"]
[White "Aydin, Gulenay"]
[Black "Abdulla, Khayala"]
[Result "1/2-1/2"]
[WhiteTitle "WFM"]
[BlackTitle "WGM"]
[WhiteElo "2145"]
[BlackElo "2229"]
[WhiteTeam "BURSA BUYUKSEHIR BELEDIYE SPOR KULUBU"]
[BlackTeam "KARAMAN FUTBOL KULUBU"]
[WhiteFideId "34557431"]
[BlackFideId "13401807"]
[EventDate "2023.07.10"]

1. e4 c6 2. Nf3 d5 3. d3 Bg4 4. h3 Bh5 5. Bd2 e6 6. g4 Bg6 7. h4 dxe4 8. h5 Bxh5
9. Ne5 Bg6 10. Nxg6 fxg6 11. Nc3 Nd7 12. Nxe4 Qb6 13. Bc3 O-O-O 14. Qd2 Ngf6 15.
Nxf6 Nxf6 16. Bg2 Bc5 17. O-O-O Bxf2 18. Kb1 Bd4 19. Rde1 e5 20. Bxd4 exd4 21.
Re7 Rd7 22. Rxd7 Nxd7 23. Be4 Rf8 24. a3 Nf6 25. g5 Nh5 26. Qd1 Qc5 27. Bf3 Qxg5
28. Bxh5 gxh5 29. Rxh5 Qg2 30. Rh1 g6 31. Qe1 Kd8 32. Qh4+ Kc8 33. Qe1 Qd5 34.
Rxh7 a5 35. b3 Qc5 36. Kb2 Kb8 37. Rg7 Rf6 38. Qe8+ Ka7 39. Rxb7+ Kxb7 40. Qd7+
Ka6 41. Qc8+ Ka7 42. Qc7+ 1/2-1/2

[Event "TCh-TUR Super League 2023"]
[Site "Ankara TUR"]
[Date "2023.07.14"]
[Round "5.2"]
[Board "6"]
[White "Daneshvar, Bardiya"]
[Black "Babazada, Khazar"]
[Result "1/2-1/2"]
[WhiteTitle "GM"]
[BlackTitle "IM"]
[WhiteElo "2577"]
[BlackElo "2460"]
[WhiteTeam "KARAMAN FUTBOL KULUBU"]
[BlackTeam "BURSA BUYUKSEHIR BELEDIYE SPOR KULUBU"]
[WhiteFideId "12576468"]
[BlackFideId "13413554"]
[EventDate "2023.07.10"]

1. Nf3 Nf6 2. g3 g6 3. Bg2 Bg7 4. d4 O-O 5. O-O d6 6. Re1 Nbd7 7. e4 e5 8. a4
Re8 9. a5 c6 10. Nc3 Qc7 11. h3 exd4 12. Nxd4 Nc5 13. Bf4 Nfd7 14. Be3 Nf6 15.
Bf4 Nfd7 16. b3 Ne6 17. Be3 Ndc5 18. Qd2 f5 19. exf5 Nxd4 20. Bxd4 Bxf5 21. b4
Bxd4 22. Qxd4 Ne6 23. Qd2 h5 24. a6 b5 25. Ne4 Bxe4 26. Bxe4 Nf8 27. Qc3 Rac8
28. Re3 Qd7 29. Rae1 d5 30. Bd3 Rxe3 31. Rxe3 d4 32. Qb3+ Kg7 33. Re4 Re8 34.
Rxe8 Qxe8 35. Bf1 Qe4 36. Qb1 h4 37. Bg2 Qe5 38. gxh4 Ne6 39. Bxc6 Nf4 40. Qf1
Qe7 41. Bxb5 Qxb4 42. Bd7 Qe7 43. Bg4 Qxh4 44. Qc4 Kh6 45. Qc7 Qf6 46. h4 d3 47.
cxd3 Qa1+ 48. Kh2 Qf6 49. Kg3 Nxd3 50. Bf3 Qd4 51. Qf7 1/2-1/2

[Event "TCh-TUR Super League 2023"]
[Site "Ankara TUR"]
[Date "2023.07.14"]
[Round "5.3"]
[Board "1"]
[White "Sanal, Vahap"]
[Black "Mamedov, Rauf"]
[Result "1/2-1/2"]
[WhiteTitle "GM"]
[BlackTitle "GM"]
[WhiteElo "2585"]
[BlackElo "2636"]
[WhiteTeam "GOKTURK"]
[BlackTeam "APAYDIN SATRANC VE"]
[WhiteFideId "6300545"]
[BlackFideId "13401653"]
[EventDate "2023.07.10"]

1. e4 c6 2. d4 d5 3. exd5 cxd5 4. Bd3 Nc6 5. c3 Nf6 6. h3 e5 7. dxe5 Nxe5 8.
Bb5+ Bd7 9. Bxd7+ Qxd7 10. Nf3 Nxf3+ 11. Qxf3 Qe6+ 12. Be3 Bc5 13. Nd2 O-O 14.
O-O Bxe3 15. Qxe3 Qxe3 16. fxe3 Rfe8 17. Rae1 Re6 18. Rf4 Rae8 19. Kf2 Rb6 20.
Rb1 Rbe6 21. Re1 Rb6 22. Rb1 g6 23. Rd4 Kg7 24. a4 Rbe6 25. Re1 a5 26. g4 h6 27.
Kf3 Rb6 28. Rb1 Rbe6 29. Re1 Rb6 30. Rb1 Re5 31. Kf2 h5 32. b3 Rc6 33. Rc1 hxg4
34. hxg4 Rce6 35. Re1 Rc6 36. Rc1 Rce6 37. Re1 1/2-1/2

[Event "TCh-TUR Super League 2023"]
[Site "Ankara TUR"]
[Date "2023.07.14"]
[Round "5.3"]
[Board "2"]
[White "Safarli, Eltaj"]
[Black "Yilmaz, Mustafa"]
[Result "1/2-1/2"]
[WhiteTitle "GM"]
[BlackTitle "GM"]
[WhiteElo "2607"]
[BlackElo "2639"]
[WhiteTeam "APAYDIN SATRANC VE"]
[BlackTeam "GOKTURK"]
[WhiteFideId "13402129"]
[BlackFideId "6302718"]
[EventDate "2023.07.10"]

1. d4 Nf6 2. Bg5 d5 3. e3 c5 4. Bxf6 gxf6 5. dxc5 e6 6. Nf3 Bxc5 7. Be2 O-O 8.
O-O Nc6 9. c4 d4 10. exd4 Nxd4 11. Nc3 f5 12. Nxd4 Bxd4 13. Bf3 Bxc3 14. bxc3
Qxd1 15. Rfxd1 Rb8 16. c5 e5 17. Bd5 Be6 18. Bxe6 fxe6 19. Rd7 Rf7 20. Rd6 Rc8
21. Rxe6 Rxc5 22. f3 Ra5 23. a4 b6 24. Ra2 Kg7 25. Rc6 Rf6 26. Rc7+ Rf7 27. Rc6
Rf6 28. Rc7+ Rf7 29. Rc6 Rf6 30. Rc7+ Rf7 1/2-1/2

[Event "TCh-TUR Super League 2023"]
[Site "Ankara TUR"]
[Date "2023.07.14"]
[Round "5.3"]
[Board "3"]
[White "Can, Emre"]
[Black "Akbas, Umut Ata"]
[Result "1/2-1/2"]
[WhiteTitle "GM"]
[BlackTitle "IM"]
[WhiteElo "2570"]
[BlackElo "2401"]
[WhiteTeam "GOKTURK"]
[BlackTeam "APAYDIN SATRANC VE"]
[WhiteFideId "6302181"]
[BlackFideId "44572646"]
[EventDate "2023.07.10"]

1. d4 d5 2. c4 e6 3. Nf3 Nf6 4. g3 Bb4+ 5. Bd2 a5 6. Bg2 O-O 7. Qc1 b6 8. O-O
Bb7 9. Bg5 dxc4 10. Qxc4 Nbd7 11. Rd1 h6 12. Bxf6 Nxf6 13. a3 Bd6 14. Nc3 Nd5
15. Qb3 Nxc3 16. Qxc3 Qe7 17. Nd2 Bxg2 18. Kxg2 e5 19. Nc4 exd4 20. Rxd4 Bc5 21.
Rg4 f5 22. Rf4 Rae8 23. Re1 g5 24. Rf3 f4 25. Nd2 h5 26. h3 fxg3 27. fxg3 Qd7
28. Qc4+ Qe6 29. Rxf8+ Bxf8 30. e4 Qxc4 31. Nxc4 a4 32. Kf3 Bg7 33. Re2 Rf8+ 34.
Kg2 Rd8 35. e5 Kf7 36. g4 hxg4 37. e6+ Ke7 38. hxg4 Bf6 39. Kf3 Rd3+ 40. Kf2 b5
41. Ne5 Bxe5 42. Rxe5 Rd2+ 43. Ke3 Rxb2 44. Rxg5 c6 45. Rc5 Rb3+ 46. Kd2 Rxa3
47. Rxc6 Rg3 48. Rb6 Rb3 49. Kc2 Rb4 50. Kc3 Rc4+ 51. Kd3 Rb4 52. Kc3 Rb3+ 53.
Kc2 b4 54. g5 Rc3+ 55. Kb1 Rc4 56. Ra6 a3 57. Rb6 Rg4 58. Ka2 Rg2+ 59. Ka1 Rb2
60. g6 Kf6 61. Rb8 Re2 1/2-1/2

[Event "TCh-TUR Super League 2023"]
[Site "Ankara TUR"]
[Date "2023.07.14"]
[Round "5.3"]
[Board "4"]
[White "Agdelen, Huseyin Can"]
[Black "Gokerkan, Cem Kaan"]
[Result "1/2-1/2"]
[WhiteTitle "FM"]
[BlackTitle "IM"]
[WhiteElo "2404"]
[BlackElo "2516"]
[WhiteTeam "APAYDIN SATRANC VE"]
[BlackTeam "GOKTURK"]
[WhiteFideId "6352260"]
[BlackFideId "6336760"]
[EventDate "2023.07.10"]

1. e4 e5 2. Nf3 Nc6 3. Nc3 Nf6 4. Bb5 Nd4 5. Nxd4 exd4 6. e5 dxc3 7. exf6 Qxf6
8. dxc3 Qe5+ 9. Qe2 Qxe2+ 10. Bxe2 Bc5 11. O-O O-O 12. Bf4 d6 13. Rfe1 Bf5 14.
Bd3 Bxd3 15. cxd3 Rfe8 16. Kf1 Bb6 17. Be3 Bxe3 18. Rxe3 Rxe3 19. fxe3 Re8 20.
Ke2 f5 21. Rf1 g6 22. Rf4 Re5 23. Ra4 a6 24. g3 Kf7 25. Rh4 h5 26. Rf4 Kf6 27.
h3 Kg5 28. Kd2 Kf6 29. Rf1 Kg5 30. Rf4 Kf6 1/2-1/2

[Event "TCh-TUR Super League 2023"]
[Site "Ankara TUR"]
[Date "2023.07.14"]
[Round "5.3"]
[Board "5"]
[White "Ozturk Orenli, Kubra"]
[Black "Buksa, Nataliya"]
[Result "0-1"]
[WhiteTitle "WGM"]
[BlackTitle "IM"]
[WhiteElo "2319"]
[BlackElo "2365"]
[WhiteTeam "GOKTURK"]
[BlackTeam "APAYDIN SATRANC VE"]
[WhiteFideId "6302599"]
[BlackFideId "14123622"]
[EventDate "2023.07.10"]

1. d4 Nf6 2. c4 e6 3. Nc3 Bb4 4. Qc2 d5 5. cxd5 exd5 6. Bg5 h6 7. Bxf6 Qxf6 8.
e3 O-O 9. a3 Bxc3+ 10. Qxc3 c6 11. Nf3 Bf5 12. Bd3 Nd7 13. O-O Rfe8 14. Bxf5
Qxf5 15. Qb3 Rab8 16. Rac1 h5 17. Qc2 Qf6 18. b4 Qd6 19. h4 Qf6 20. Ng5 g6 21.
g3 Nb6 22. a4 Nc4 23. e4 Qxd4 24. Rfd1 Qe5 25. exd5 cxd5 26. Nf3 Qf6 27. Qc3 Qf5
28. Qd3 Re4 29. Qxd5 Qxf3 30. Rd4 Rbe8 31. Rf1 Ne3 32. fxe3 Qxg3+ 33. Kh1 Qh3+
34. Kg1 Qxe3+ 0-1

[Event "TCh-TUR Super League 2023"]
[Site "Ankara TUR"]
[Date "2023.07.14"]
[Round "5.3"]
[Board "6"]
[White "Taspinar, Yanki"]
[Black "Kilic, Eray"]
[Result "1/2-1/2"]
[WhiteTitle "FM"]
[BlackTitle "FM"]
[WhiteElo "2302"]
[BlackElo "2422"]
[WhiteTeam "APAYDIN SATRANC VE"]
[BlackTeam "GOKTURK"]
[WhiteFideId "34561188"]
[BlackFideId "44517173"]
[EventDate "2023.07.10"]

1. d4 Nf6 2. c4 e6 3. Nc3 Bb4 4. Qc2 d5 5. cxd5 exd5 6. Bg5 h6 7. Bh4 c5 8. dxc5
g5 9. Bg3 Ne4 10. e3 Qa5 11. Rc1 O-O 12. Bd3 Bf5 13. Ne2 Nd7 14. Bd6 Ndxc5 15.
Bxc5 Bxc5 16. O-O Bd6 17. Nd4 Bg6 18. Nb3 Qd8 19. Nxe4 dxe4 20. Bxe4 Bxe4 21.
Qxe4 Qf6 22. Rfd1 b6 23. Nd4 Rad8 24. b3 Rfe8 25. Qf5 Qxf5 26. Nxf5 Ba3 27. Rb1
Kh7 28. g4 Kg6 29. Kg2 h5 30. h3 a5 31. Kf3 h4 32. Ke2 Rxd1 33. Rxd1 Rc8 34. Nd4
Bb4 35. Rb1 Rc3 36. Rb2 Rc1 37. Rc2 Re1+ 38. Kf3 Bc5 39. Nc6 f6 40. Rd2 Ra1 41.
Nd8 f5 42. gxf5+ Kxf5 43. Rd5+ Kf6 44. a4 Rg1 45. Nb7 Ke6 46. e4 Ba3 47. Nd8+
Kf6 48. Rf5+ Kg6 49. Nc6 Bc5 50. Ne5+ Kg7 51. Ng4 Kg6 52. Rf6+ Kg7 53. Rf5 Kg6
54. Rd5 Rb1 55. Rd3 Rb2 56. Kg2 Re2 57. Kf3 Rb2 58. Kg2 Re2 59. Kf3 1/2-1/2

[Event "TCh-TUR Super League 2023"]
[Site "Ankara TUR"]
[Date "2023.07.14"]
[Round "5.4"]
[Board "2"]
[White "Annaberdiyev, Meylis"]
[Black "Vidit, Santosh Gujrathi"]
[Result "1/2-1/2"]
[WhiteTitle "GM"]
[BlackTitle "GM"]
[WhiteElo "2496"]
[BlackElo "2719"]
[WhiteTeam "HUKUKCU FENERBAHCELILER SPOR VE KULTUR K"]
[BlackTeam "TURK HAVA YOLLARI"]
[WhiteFideId "14000563"]
[BlackFideId "5029465"]
[EventDate "2023.07.10"]

1. e4 e6 2. d4 d5 3. exd5 exd5 4. Nf3 Nf6 5. Bd3 Bd6 6. O-O O-O 7. Bg5 Bg4 8.
Nbd2 Nbd7 9. c3 c6 10. Qc2 Qc7 11. Rfe1 Rfe8 12. Bh4 Bh5 13. Bg3 Bxg3 14. hxg3
Bg6 15. Bxg6 hxg6 16. Ng5 Rxe1+ 17. Rxe1 Re8 18. Ndf3 Qb8 19. Re2 a6 20. Kf1 Qd8
21. Kg1 Qb8 22. Kf1 Qd8 23. Kg1 Qb8 24. Kf1 1/2-1/2

[Event "TCh-TUR Super League 2023"]
[Site "Ankara TUR"]
[Date "2023.07.14"]
[Round "5.4"]
[Board "3"]
[White "Yilmazyerli, Mert"]
[Black "Ozer, Omer Faruk"]
[Result "1/2-1/2"]
[WhiteTitle "GM"]
[BlackTitle "IM"]
[WhiteElo "2542"]
[BlackElo "2333"]
[WhiteTeam "TURK HAVA YOLLARI"]
[BlackTeam "HUKUKCU FENERBAHCELILER SPOR VE KULTUR K"]
[WhiteFideId "6305962"]
[BlackFideId "6354564"]
[EventDate "2023.07.10"]

1. d4 Nf6 2. c4 e6 3. Nc3 Bb4 4. a3 Bxc3+ 5. bxc3 O-O 6. f3 Nh5 7. Nh3 f5 8. e4
d6 9. Be2 f4 10. e5 dxe5 11. Bd3 Nc6 12. Qc2 Nf6 13. Bb2 e4 14. fxe4 e5 15. Nf2
exd4 16. O-O Ng4 17. Nxg4 Bxg4 18. e5 h6 19. Rae1 Be6 20. Rd1 Kh8 21. Kh1 dxc3
22. Qxc3 Qg5 23. Be4 Rae8 24. Rde1 Nxe5 25. Qxe5 Qxe5 26. Bxe5 Bxc4 27. Rxf4
Rxf4 28. Bxf4 Bd5 29. Bxc7 Bxe4 30. Kg1 Kh7 31. Bg3 Re6 32. Bf2 a6 33. Bd4 g5
34. g4 Bd5 35. Bc3 Rxe1+ 36. Bxe1 Be6 37. h3 h5 38. h4 Bxg4 39. hxg5 Kg6 40. Bd2
h4 41. Kh2 Kh5 42. a4 b5 43. axb5 axb5 44. Kg2 Bf5 45. Kf3 Bd7 46. Kg2 Be8 47.
Kf3 Bc6+ 48. Kf4 h3 49. Kg3 b4 50. Bxb4 Kxg5 51. Kxh3 1/2-1/2

[Event "TCh-TUR Super League 2023"]
[Site "Ankara TUR"]
[Date "2023.07.14"]
[Round "5.4"]
[Board "4"]
[White "Huseyinoglu, Alihan"]
[Black "Gurel, Ediz"]
[Result "1/2-1/2"]
[WhiteTitle "IM"]
[BlackTitle "IM"]
[WhiteElo "2261"]
[BlackElo "2500"]
[WhiteTeam "HUKUKCU FENERBAHCELILER SPOR VE KULTUR K"]
[BlackTeam "TURK HAVA YOLLARI"]
[WhiteFideId "14202875"]
[BlackFideId "44507356"]
[EventDate "2023.07.10"]

1. d4 Nf6 2. c4 e6 3. Nc3 Bb4 4. Qc2 d5 5. cxd5 Qxd5 6. Nf3 Qf5 7. Qxf5 exf5 8.
a3 Be7 9. Bf4 c6 10. e3 Nbd7 11. Bd3 Nb6 12. O-O Be6 13. Rac1 O-O 14. Rfd1 g6
15. h3 a5 16. Bc7 Nfd5 17. Nxd5 Nxd5 18. Bg3 Nb6 19. Nd2 Rfc8 20. Nc4 Nxc4 21.
Bxc4 Bxc4 22. Rxc4 Rd8 23. a4 f6 24. Kf1 Kf7 25. Ke2 Ke6 26. f3 Bb4 27. Be1 Bxe1
28. Rxe1 Ra6 29. Kd3 Raa8 30. Rec1 Ra6 1/2-1/2

[Event "TCh-TUR Super League 2023"]
[Site "Ankara TUR"]
[Date "2023.07.14"]
[Round "5.4"]
[Board "5"]
[White "Vaishali, Rameshbabu"]
[Black "Caglar, Sila"]
[Result "1/2-1/2"]
[WhiteTitle "IM"]
[BlackTitle "WIM"]
[WhiteElo "2431"]
[BlackElo "2235"]
[WhiteTeam "TURK HAVA YOLLARI"]
[BlackTeam "HUKUKCU FENERBAHCELILER SPOR VE KULTUR K"]
[WhiteFideId "5091756"]
[BlackFideId "6364063"]
[EventDate "2023.07.10"]

1. e4 c5 2. Nf3 e6 3. d4 cxd4 4. Nxd4 Nc6 5. Nc3 Qc7 6. Be2 Nf6 7. Ndb5 Qb8 8.
f4 a6 9. e5 axb5 10. exf6 b4 11. fxg7 Bxg7 12. Nb5 d5 13. O-O O-O 14. Bd3 f5 15.
c3 bxc3 16. bxc3 Nb4 17. Be3 Nxd3 18. Qxd3 Bd7 19. Bd4 Bxb5 20. Qxb5 Qc7 21.
Bxg7 Kxg7 22. Rf3 Rf6 23. Qb4 b6 24. a4 Qc5+ 25. Kh1 Rf7 26. Rg3+ Kf8 27. Re3
Re7 28. Re2 Kf7 29. Rb2 Ra6 30. Qxc5 bxc5 31. a5 Rea7 32. Rb5 c4 33. Kg1 Ke7 34.
Kf2 Kd6 35. Re1 1/2-1/2

[Event "TCh-TUR Super League 2023"]
[Site "Ankara TUR"]
[Date "2023.07.14"]
[Round "5.4"]
[Board "6"]
[White "Ahmadzada, Ahmad"]
[Black "Can, Isik"]
[Result "1-0"]
[WhiteTitle "IM"]
[BlackTitle "IM"]
[WhiteElo "2503"]
[BlackElo "2512"]
[WhiteTeam "HUKUKCU FENERBAHCELILER SPOR VE KULTUR K"]
[BlackTeam "TURK HAVA YOLLARI"]
[WhiteFideId "13413007"]
[BlackFideId "6383742"]
[EventDate "2023.07.10"]

1. e4 e5 2. Nf3 Nc6 3. Bc4 Bc5 4. c3 Nf6 5. d3 d6 6. O-O a6 7. a4 Ba7 8. Re1 h6
9. Nbd2 O-O 10. h3 Be6 11. Bxe6 fxe6 12. b4 b5 13. Nf1 Qd7 14. Be3 Bxe3 15. Nxe3
Ne7 16. Qc2 Nh5 17. axb5 axb5 18. Rxa8 Rxa8 19. d4 exd4 20. cxd4 Qc6 21. Rc1
Qxc2 22. Rxc2 c6 23. d5 exd5 24. exd5 Nxd5 25. Nxd5 cxd5 26. Nd4 Ra4 27. Rb2 Nf4
28. Rb3 Ra1+ 29. Kh2 Rd1 30. Nxb5 d4 31. Nxd6 d3 32. Nc4 Rc1 33. Nd2 Rc8 34. b5
Rb8 35. Nc4 Nd5 36. Kg3 Nb6 37. Nd2 Rd8 38. Kf4 Rd5 39. Ke3 Kf7 40. Rb4 Rf5 41.
Kxd3 Rxf2 42. Nc4 Nd5 43. Rb2 Rxb2 44. Nxb2 Ke6 45. Kd4 Nf4 46. Nc4 Kd7 47. Kc5
Kc7 48. b6+ Kb7 49. Nd6+ Kb8 50. Kc6 Nd3 51. Nf5 Ne5+ 52. Kd5 Nd3 53. Nxg7 Kb7
54. Ke4 1-0

[Event "TCh-TUR Super League 2023"]
[Site "Ankara TUR"]
[Date "2023.07.14"]
[Round "5.5"]
[Board "1"]
[White "Sankalp, Gupta"]
[Black "Korobov, Anton"]
[Result "0-1"]
[WhiteTitle "GM"]
[BlackTitle "GM"]
[WhiteElo "2497"]
[BlackElo "2667"]
[WhiteTeam "ROTA KOLEJI"]
[BlackTeam "BAYEGAN PENDIK"]
[WhiteFideId "5097010"]
[BlackFideId "14105730"]
[EventDate "2023.07.10"]

1. e4 c5 2. Nf3 e6 3. d4 cxd4 4. Nxd4 Nc6 5. Nc3 Qc7 6. Be3 a6 7. Qf3 Ne5 8. Qg3
b5 9. O-O-O Nf6 10. f4 Neg4 11. Bd2 Qa7 12. e5 Qxd4 13. exf6 Nxf6 14. Be3 Qb4
15. Be2 Bb7 16. f5 Rc8 17. fxe6 dxe6 18. Bd4 Qa5 19. a3 b4 20. axb4 Qa1+ 21. Nb1
Nd5 22. Bc5 Bxc5 23. bxc5 O-O 24. Qb3 Nf4 25. Bf1 Bd5 26. Qe3 Ba2 27. Qa3 Rfd8
28. Bd3 Nxd3+ 29. cxd3 Rxc5+ 30. Kd2 Rb5 31. b4 Qd4 32. Nc3 Rxb4 0-1

[Event "TCh-TUR Super League 2023"]
[Site "Ankara TUR"]
[Date "2023.07.14"]
[Round "5.5"]
[Board "2"]
[White "Ali Marandi, Cemil Can"]
[Black "Mammadov, Zaur"]
[Result "1-0"]
[WhiteTitle "GM"]
[BlackTitle "GM"]
[WhiteElo "2568"]
[BlackElo "2398"]
[WhiteTeam "BAYEGAN PENDIK"]
[BlackTeam "ROTA KOLEJI"]
[WhiteFideId "6300529"]
[BlackFideId "13401033"]
[EventDate "2023.07.10"]

1. c4 c6 2. d4 d5 3. cxd5 cxd5 4. Bg5 f6 5. Bd2 e5 6. e3 exd4 7. exd4 Bd6 8. Nc3
Ne7 9. Bd3 O-O 10. Nge2 Nbc6 11. O-O Be6 12. Rc1 Bf7 13. Re1 Re8 14. a3 Rc8 15.
Bf4 Ng6 16. Bg3 Bxg3 17. hxg3 Rc7 18. Bb1 Rce7 19. Ba2 Qd6 20. Qd2 h5 21. Red1
Kf8 22. b4 a5 23. b5 Na7 24. Qd3 Qxa3 25. Bxd5 Bxd5 26. Qxg6 Bb3 27. Rd2 Bc4 28.
Rcc2 Nxb5 29. Qxh5 Nxc3 30. Nxc3 Re1+ 31. Kh2 Bf7 32. Qh8+ Bg8 33. Nd1 Qe7 34.
Ne3 g6 35. d5 Qg7 36. Qh3 Rb1 37. d6 Be6 38. g4 Bd7 39. Rc7 a4 40. Nd1 Kg8 41.
Nc3 Rc1 42. Nd5 Rxc7 43. dxc7 Bc8 44. f4 Kf7 45. Nb6 Qh8 46. Qxh8 Rxh8+ 47. Kg3
a3 48. Ra2 Ke7 49. Rxa3 Kd6 50. Rc3 Rf8 51. Kf3 Re8 52. Rc1 Rh8 53. Ke3 Re8+ 54.
Kd4 Rh8 55. Rc4 Re8 56. Rc1 Rh8 57. Rc5 Re8 58. f5 gxf5 59. gxf5 Rg8 1-0